| 000 | 00479nam a2200145 i 4500 | ||
|---|---|---|---|
| 001 | 55955 | ||
| 003 | ES-MaACL | ||
| 007 | t| | ||
| 008 | 031001s1945 sp ||||1| spa d | ||
| 100 | 1 |
_aDíaz de Fregenal, Vasco. _944226 |
|
| 245 | 1 | 4 |
_aLos veinte triunphos / _chechos por Vasco Díaz de Fregenal. |
| 260 |
_a[Madrid : _bJunta Técnica de Archivos, Bibliotecas y Museos, _c1945] ( _fUltra) |
||
| 300 |
_aCXL fol., 4 facs : _bil. ; _c22 cm. |
||
| 852 |
_aES-MaACL _jG-7126 _bR.21980 |
||
| 999 |
_c55955 _d55955 |
||